000 00764nam a2200253Ia 4500
003 OSt
005 20220918222125.0
006 a|||||r|||| 00| 0
007 ta
008 220917b |||||||| |||| 00| 0 eng d
020 _c31.50
024 _a215,825
037 _b138, 21/02/2033, Bright Book Service
_cTextual
040 _aARTS
_cARTS
_beng
041 _2eng
_aeng
082 _aR4, P1
100 _aKellenberger J.
_9142298
245 0 _aMoral relativism moral diversity and human relationships
260 _aPennsylvania
_bThe Pennsylvania state university press
_c2001
300 _axi, 236 p
_ccm.
650 _aETHICS
942 _hR4, P1
_cTEXL
_2CC
999 _c274661
_d274661